Welcome to the Holygrace Academy Library

Please use search bar below to get started

AKASATHILE PARAVAKAL (Record no. 8743)

MARC details
000 -LEADER
fixed length control field 00355nam a22001457a 4500
020 ## - INTERNATIONAL STANDARD BOOK NUMBER
ISBN 978-81-264-1970-8
082 ## - DEWEY DECIMAL CLASSIFICATION NUMBER
Classification number 894.812.3
Item number PAR/A
100 ## - MAIN ENTRY--AUTHOR NAME
Personal name PARAPPURATHU
245 ## - TITLE STATEMENT
Title AKASATHILE PARAVAKAL
246 ## - VARYING FORM OF TITLE
Title proper/short title AKASATHILE PARAVAKAL
Remainder of title AKASATHILE PARAVAKAL
260 ## - PUBLICATION, DISTRIBUTION, ETC. (IMPRINT)
Place of publication INDIA
Name of publisher D C BOOKS
Year of publication 2024
300 ## - PHYSICAL DESCRIPTION
Number of Pages 400
650 ## - SUBJECT ADDED ENTRY--TOPICAL TERM
Topical Term MALAYALAM NOVEL
942 ## - ADDED ENTRY ELEMENTS (KOHA)
Koha item type Books
Holdings
Withdrawn status Lost status Collection code Home library Current library Shelving location Date acquired Source of acquisition Cost, normal purchase price Full call number Accession Number Koha item type
    Fiction Main Library Main Library NEW SHELF WITH NEW ENTRY 04/06/2024 PURCHASED 460.00 894.812.3 PAR/A 13674 Books